000 00406nam a2200157Ia 4500
008 230711s9999||||xx |||||||||||||| ||und||
041 _aENG
082 _a720
_bKA-S
100 _aKasap,Safa
245 0 _aSpringer handbook of electronic and photonic materials
250 _a1st Ed.
260 _c2006
_aNew York
_bSpringer Science & Business Media
300 _a1406
650 _aChemistry
942 _cBK
999 _c5384
_d5384